| 000 | 00393cam a22001097a 4500 | ||
|---|---|---|---|
| 008 | 180718b1955 xxu||||| |||| 00| 0 eng d | ||
| 082 | _aU03x65422 M264 | ||
| 245 |
_aCentral provinces and berar state aid to industries act, 1933 _cby Central Provinces and Berar, Madhya Pradesh |
||
| 260 |
_aNagpur _bGovernment Press _c1955 |
||
| 300 | _a30p | ||
| 700 | _aMadhya Pradesh. Central Provinces and Berar | ||
| 999 |
_c498236 _d498236 |
||